R:llä alkavat Suomen kunnat - Statistics

Yleistilastot
  • Tätä visaa on pelattu 4 017 kertaa
  • Keskiarvotulos 12 / 17
Vastaustilastot
Maakunta Kunta % Oikein
Lappi Rovaniemi
89%
Lappi Ranua
87%
Satakunta Rauma
83%
Pohjois-Pohjanmaa Raahe
81%
Varsinais-Suomi Raisio
76%
Kanta-Häme Riihimäki
76%
Uusimaa Raasepori
74%
Pirkanmaa Ruovesi
69%
Kainuu Ristijärvi
64%
Pohjois-Karjala Rääkkylä
63%
Pohjois-Pohjanmaa Reisjärvi
63%
Pohjois-Savo Rautalampi
61%
Etelä-Karjala Rautjärvi
61%
Pohjois-Savo Rautavaara
59%
Etelä-Savo Rantasalmi
58%
Etelä-Karjala Ruokolahti
56%
Varsinais-Suomi Rusko
54%
Ehtoja vastaavia visoja ei löytynyt
Tulosjakauma
Jokaisen tuloksen saaneiden osuus
Persentiili vastausten määrän mukaan
Tuloshistoriasi
Et ole pelannut tätä visaa